| 000 | 00593nam a2200193 i 4500 | ||
|---|---|---|---|
| 001 | bgj | ||
| 100 | 1 |
_aAline, Countess of Romanones _d(1923- ). |
|
| 245 | 1 | 0 |
_aThe Spy Wore Red : _bmy adventures as undercover agent in World War II / _cby Aline, Countess of Romanones. |
| 260 |
_aNew York : _bCharters Books, _c1988. |
||
| 300 |
_a326 pp ; _c18 cm. |
||
| 650 | 9 |
_aWorld War II _xBiography _xFiction |
|
| 650 | 9 |
_aWorld War II _xSpy fiction |
|
| 020 | _a1557730342 | ||
| 040 | _cBPK | ||
| 041 | 0 | _aeng | |
| 920 | _a1-55773-034-2 | ||
| 942 | _cKS | ||
| 008 | s uk f |000 0 eng | ||
| 999 |
_c48380 _d48380 |
||
| 856 |
_uhttp://koha.tu.koszalin.pl/cgi-bin/koha/opac-detail.pl?biblionumber=48380 _yKatalog online BPK |
||